<?xml version="1.0" encoding="UTF-8"?>
<record
    xmlns:xsi="http://www.w3.org/2001/XMLSchema-instance"
    xsi:schemaLocation="http://www.loc.gov/MARC21/slim http://www.loc.gov/standards/marcxml/schema/MARC21slim.xsd"
    xmlns="http://www.loc.gov/MARC21/slim">

  <leader>00930nam a2200241 a 4500</leader>
  <controlfield tag="003">CO-ViMGA</controlfield>
  <controlfield tag="005">20230915233125.0</controlfield>
  <controlfield tag="008">111013s2009    ck a   gr     00010 spa d</controlfield>
  <datafield tag="020" ind1=" " ind2=" ">
    <subfield code="a">9789588321479</subfield>
  </datafield>
  <datafield tag="040" ind1=" " ind2=" ">
    <subfield code="a">CO-ViMGA</subfield>
    <subfield code="b">spa</subfield>
    <subfield code="c">CO-ViMGA</subfield>
  </datafield>
  <datafield tag="043" ind1=" " ind2=" ">
    <subfield code="a">s-ck---</subfield>
  </datafield>
  <datafield tag="082" ind1="0" ind2="4">
    <subfield code="a">792.0986148 </subfield>
    <subfield code="b">P81 </subfield>
    <subfield code="2">21</subfield>
  </datafield>
  <datafield tag="240" ind1="1" ind2="0">
    <subfield code="a">Bogot&#xE1;-Bibliograf&#xED;a regional</subfield>
  </datafield>
  <datafield tag="245" ind1="0" ind2="3">
    <subfield code="a">El p&#xFA;blico en la escena teatral bogotana : </subfield>
    <subfield code="b">entrevistas, mediciones y an&#xE1;lisis del observatorio de culturas.</subfield>
  </datafield>
  <datafield tag="260" ind1=" " ind2=" ">
    <subfield code="a">Bogot&#xE1; : </subfield>
    <subfield code="b">Alcad&#xED;a Mayor de Bogot&#xE1;, </subfield>
    <subfield code="c">2009.</subfield>
  </datafield>
  <datafield tag="300" ind1=" " ind2=" ">
    <subfield code="a">177 p. : </subfield>
    <subfield code="b">il. ; </subfield>
    <subfield code="c">24 cm.</subfield>
  </datafield>
  <datafield tag="504" ind1=" " ind2=" ">
    <subfield code="a">Incluye bibliograf&#xED;a.</subfield>
  </datafield>
  <datafield tag="650" ind1="1" ind2="4">
    <subfield code="a">Consumo de cultura</subfield>
    <subfield code="z"> Bogot&#xE1; (Colombia)</subfield>
    <subfield code="v"> Entrevistas.</subfield>
    <subfield code="9">2558</subfield>
  </datafield>
  <datafield tag="650" ind1="1" ind2="4">
    <subfield code="a">Festivales de teatro</subfield>
    <subfield code="z"> Bogot&#xE1; (Colombia)</subfield>
    <subfield code="v"> Entrevistas.</subfield>
    <subfield code="9">2557</subfield>
  </datafield>
  <datafield tag="650" ind1="1" ind2="4">
    <subfield code="a">Teatro callejero</subfield>
    <subfield code="z"> Bogot&#xE1; (Colombia)</subfield>
    <subfield code="v"> Entrevistas.</subfield>
    <subfield code="9">2556</subfield>
  </datafield>
  <datafield tag="650" ind1="1" ind2="4">
    <subfield code="a">Teatro</subfield>
    <subfield code="z"> Bogot&#xE1; (Colombia)</subfield>
    <subfield code="v"> Entrevistas.</subfield>
    <subfield code="9">2555</subfield>
  </datafield>
  <datafield tag="942" ind1=" " ind2=" ">
    <subfield code="2">ddc</subfield>
    <subfield code="c">BK</subfield>
  </datafield>
  <datafield tag="999" ind1=" " ind2=" ">
    <subfield code="c">35310</subfield>
    <subfield code="d">35310</subfield>
  </datafield>
  <datafield tag="952" ind1=" " ind2=" ">
    <subfield code="0">0</subfield>
    <subfield code="1">0</subfield>
    <subfield code="2">ddc</subfield>
    <subfield code="4">0</subfield>
    <subfield code="7">0</subfield>
    <subfield code="8">003</subfield>
    <subfield code="a">MEVIECAR</subfield>
    <subfield code="b">MEVIECAR</subfield>
    <subfield code="d">2016-02-29</subfield>
    <subfield code="l">0</subfield>
    <subfield code="o">792.0986148 P81</subfield>
    <subfield code="p">29743</subfield>
    <subfield code="r">2016-02-29 00:00:00</subfield>
    <subfield code="t">Ej. 1</subfield>
    <subfield code="w">2016-02-29</subfield>
    <subfield code="y">BK</subfield>
  </datafield>
  <datafield tag="952" ind1=" " ind2=" ">
    <subfield code="0">0</subfield>
    <subfield code="1">0</subfield>
    <subfield code="2">ddc</subfield>
    <subfield code="4">0</subfield>
    <subfield code="7">0</subfield>
    <subfield code="8">GEN</subfield>
    <subfield code="a">MECUMARA</subfield>
    <subfield code="b">MECUMARA</subfield>
    <subfield code="c">LIT</subfield>
    <subfield code="d">2024-08-02</subfield>
    <subfield code="l">0</subfield>
    <subfield code="o">TBOG</subfield>
    <subfield code="p">1508</subfield>
    <subfield code="r">2024-08-02 14:24:34</subfield>
    <subfield code="t">Ej.1</subfield>
    <subfield code="w">2024-08-02</subfield>
    <subfield code="y">BK</subfield>
  </datafield>
</record>
